| 000 | 00000nam 2200000za 4500 |
| 001 | 9.822322 |
| 003 | CaOODSP |
| 005 | 20221107143648 |
| 007 | cr ||||||||||| |
| 008 | 160809s1985 onc |o f|0| 0 fre d |
| 040 | |aCaOODSP|bfre |
| 043 | |an-cn--- |
| 086 | 1 |aF2-69/1985F-PDF |
| 110 | 1 |aCanada. |bMinistère des finances. |
| 245 | 10|aCompte du coût des mesures fiscales sélectives |h[ressource électronique]. |
| 260 | |aOttawa : |bMinistère des Finances Canada, |cc1985. |
| 300 | |a156 p. : |btableaux. |
| 500 | |aAoût 1985. |
| 500 | |aPublié aussi en anglais sous le titre : Account of the cost of selective tax measures. |
| 692 | 07|2gccst|aImpôt |
| 775 | 08|tAccount of the cost of selective tax measures |w(CaOODSP)9.822321 |
| 856 | 40|qPDF|s2.24 Mo|uhttps://publications.gc.ca/collections/collection_2016/fin/F2-69-1985-fra.pdf |